[Event "BAN-chT"]
[Site "Dhaka"]
[Date "2018.12.16"]
[Round "11.2"]
[White "Das, Arghyadip"]
[Black "Alam, Badrul"]
[Result "1-0"]
[WhiteElo "2430"]
[BlackElo "1858"]
[PlyCount "87"]
[EventDate "2018.12.06"]
[EventType "team-tourn"]
[EventRounds "11"]
[EventCountry "BAN"]
[SourceTitle "CBM 187 Extra"]
[Source "ChessBase"]
[SourceDate "2018.11.04"]
[SourceVersion "1"]
[SourceVersionDate "2018.11.04"]
[SourceQuality "1"]
[WhiteTeam "Golden Sporting"]
[BlackTeam "Fire Service & Civil Defense"]
[WhiteTeamCountry "BAN"]
[BlackTeamCountry "BAN"]

1. e4 e6 2. d4 d5 3. Nd2 dxe4 4. Nxe4 Nf6 5. Nxf6+ Qxf6 6. Nf3 h6 7. Bd3 Bd6 8. Qe2 c6 9. Bd2 Qe7 10. 0-0 Nd7 11. c4 Nf6 12. a3 Bd7 13. b4 0-0 14. Rfe1 Rfe8 15. Bc2 a5 16. c5 Bc7 17. Qd3 axb4 18. axb4 Kf8 19. Rab1 Ra2 20. Rb3 Rea8 21. Bb1 Ra1 22. Bc3 R1a3 23. Rxa3 Rxa3 24. d5 Rxc3 25. Qxc3 Nxd5 26. Qd4 Qf6 27. Be4 Qxd4 28. Nxd4 f5 29. Bxd5 exd5 30. Ne6+ Bxe6 31. Rxe6 Kf7 32. Re2 Kf6 33. Ra2 d4 34. Ra7 Ke6 35. Rxb7 Be5 36. Kf1 Kd5 37. Ke2 Kc4 38. h4 d3+ 39. Kd1 Bc3 40. h5 Bxb4 41. Rxg7 Bxc5 42. Rg6 Kd5 43. Kd2 Be7 44. Kxd3 1-0

[Event "BAN-chB 44th"]
[Site "Dhaka"]
[Date "2018.11.20"]
[Round "9"]
[White "Alam, Badrul"]
[Black "Md Abu, Hanif"]
[Result "1/2-1/2"]
[WhiteElo "1851"]
[BlackElo "1992"]
[PlyCount "47"]
[EventDate "2018.11.13"]
[EventType "swiss"]
[EventRounds "9"]
[EventCountry "BAN"]
[SourceTitle "CBM 187 Extra"]
[Source "ChessBase"]
[SourceDate "2018.11.04"]
[SourceVersion "1"]
[SourceVersionDate "2018.11.04"]
[SourceQuality "1"]

1. e4 c6 2. d4 d5 3. exd5 cxd5 4. Nf3 Nf6 5. Bd3 Nc6 6. c3 Bg4 7. Nbd2 e6 8. Qa4 Qd7 9. Bb5 Bxf3 10. Nxf3 Bd6 11. Ne5 Bxe5 12. dxe5 Ng8 13. f4 a6 14. Be3 Rc8 15. Bxc6 Qxc6 16. Qxc6+ Rxc6 17. Kd2 Nh6 18. Rhg1 Kd7 19. g4 Rhc8 20. h3 Ng8 21. Raf1 Ne7 22. f5 Rc4 23. f6 Ng6 24. fxg7 1/2-1/2

[Event "BAN-chT"]
[Site "Dhaka"]
[Date "2017.12.17"]
[Round "9.1"]
[White "Ahmed, Sk Nasir"]
[Black "Alam, Badrul"]
[Result "1-0"]
[WhiteElo "2284"]
[BlackElo "1849"]
[PlyCount "39"]
[EventDate "2017.12.09"]
[EventType "team-tourn"]
[EventRounds "11"]
[EventCountry "BAN"]
[SourceTitle "CBM 182 Extra"]
[Source "ChessBase"]
[SourceDate "2018.02.23"]
[SourceVersion "1"]
[SourceVersionDate "2018.02.23"]
[SourceQuality "1"]
[WhiteTeam "Bangladesh Navy"]
[BlackTeam "Fire Service & Civil Defense"]
[WhiteTeamCountry "BAN"]
[BlackTeamCountry "BAN"]

1. e4 e6 2. Qe2 c5 3. g3 Nc6 4. Nf3 Qc7 5. Bg2 Nf6 6. d3 Be7 7. 0-0 e5 8. c3 b5 9. d4 cxd4 10. cxd4 0-0 11. dxe5 Ng4 12. Nc3 Ngxe5 13. Nxe5 Nxe5 14. Nd5 Qd8 15. Qxb5 d6 16. Be3 Bd7 17. Qa6 Re8 18. Rfc1 Rc8 19. Qxa7 Nc6 20. Qa6 1-0

[Event "BAN-chT"]
[Site "Dhaka"]
[Date "2017.12.11"]
[Round "3.1"]
[White "Alam, Badrul"]
[Black "Uddin, Saif"]
[Result "1-0"]
[WhiteElo "1849"]
[BlackElo "2073"]
[PlyCount "41"]
[EventDate "2017.12.09"]
[EventType "team-tourn"]
[EventRounds "11"]
[EventCountry "BAN"]
[SourceTitle "CBM 182 Extra"]
[Source "ChessBase"]
[SourceDate "2018.02.23"]
[SourceVersion "1"]
[SourceVersionDate "2018.02.23"]
[SourceQuality "1"]
[WhiteTeam "Fire Service & Civil Defense"]
[BlackTeam "Titas CC"]
[WhiteTeamCountry "BAN"]
[BlackTeamCountry "BAN"]

1. e4 c5 2. Nf3 Nc6 3. d4 cxd4 4. Nxd4 Nf6 5. Nc3 d6 6. Be2 e5 7. Nb3 h6 8. Be3 Be7 9. f3 Be6 10. Nd5 0-0 11. c4 Re8 12. Qd2 Bf8 13. g4 Nh7 14. h4 Ne7 15. 0-0-0 Nxd5 16. cxd5 Bd7 17. Rdg1 Be7 18. g5 hxg5 19. hxg5 g6 20. Bd3 Kg7 21. Rxh7+ 1-0

[Event "BAN-chB 43rd"]
[Site "Dhaka"]
[Date "2017.11.12"]
[Round "6"]
[White "Alam, Badrul"]
[Black "Abdul, Momin"]
[Result "0-1"]
[WhiteElo "1822"]
[BlackElo "2029"]
[PlyCount "46"]
[EventDate "2017.11.07"]
[EventType "swiss"]
[EventRounds "11"]
[EventCountry "BAN"]
[SourceTitle "CBM 181 Extra"]
[Source "ChessBase"]
[SourceDate "2017.12.12"]
[SourceVersion "1"]
[SourceVersionDate "2017.12.12"]
[SourceQuality "1"]

1. e4 e5 2. Nf3 Nf6 3. Nc3 Nc6 4. Bc4 Bc5 5. d3 h6 6. a3 0-0 7. b4 Bd4 8. Nxd4 exd4 9. Ne2 d5 10. exd5 Nxd5 11. Bb2 Re8 12. h3 Nf4 13. 0-0 Rxe2 14. Bc1 Nxh3+ 15. gxh3 Qe7 16. Be3 Rxe3 17. fxe3 Qxe3+ 18. Rf2 Ne5 19. Bd5 Bxh3 20. Qe2 Qg3+ 21. Kh1 Bg4 22. Qf1 c6 23. Bg2 Be6 0-1

[Event "BAN Walton 1st League"]
[Site "Dhaka"]
[Date "2016.12.06"]
[Round "1.2"]
[White "Alam, Badrul"]
[Black "Mollah Abdullah, Al Rakib"]
[Result "0-1"]
[WhiteElo "1903"]
[BlackElo "2492"]
[PlyCount "52"]
[EventDate "2016.12.06"]
[EventType "team-tourn"]
[EventRounds "9"]
[EventCountry "BAN"]
[SourceTitle "CBM 176 Extra"]
[Source "ChessBase"]
[SourceDate "2017.03.02"]
[SourceVersion "1"]
[SourceVersionDate "2017.03.02"]
[SourceQuality "1"]
[WhiteTeam "Fire Service & Civil Defense"]
[BlackTeam "SAIF Sporting Club"]
[WhiteTeamCountry "BAN"]
[BlackTeamCountry "BAN"]

1. e4 e5 2. Nf3 Nc6 3. d4 exd4 4. Nxd4 Bb4+ 5. c3 Bc5 6. Be3 Bb6 7. Be2 Nf6 8. Nd2 0-0 9. f3 Re8 10. Nxc6 bxc6 11. Bxb6 axb6 12. 0-0 d5 13. Bd3 Qd6 14. Qc2 Bd7 15. a3 g6 16. Rae1 Nh5 17. Rf2 Re7 18. g3 f5 19. Ree2 fxe4 20. fxe4 Bg4 21. Re3 Rae8 22. Nf3 Bxf3 23. Rfxf3 Kg7 24. Qe2 Nf6 25. exd5 Rxe3 26. Rxe3 Qc5 0-1

[Event "BAN-chB 42nd"]
[Site "Dhaka"]
[Date "2016.10.22"]
[Round "3"]
[White "Alam, Badrul"]
[Black "Mohammad, Javed"]
[Result "0-1"]
[WhiteElo "1891"]
[BlackElo "2147"]
[PlyCount "38"]
[EventDate "2016.10.20"]
[EventType "swiss"]
[EventRounds "11"]
[EventCountry "BAN"]
[SourceTitle "CBM 175 Extra"]
[Source "ChessBase"]
[SourceDate "2016.12.12"]
[SourceVersion "1"]
[SourceVersionDate "2016.12.12"]
[SourceQuality "1"]

1. e4 c5 2. Nf3 Nc6 3. d4 cxd4 4. Nxd4 e5 5. Nb3 Nf6 6. Bg5 d6 7. Nc3 Be7 8. f3 Be6 9. Nb5 a6 10. Bxf6 gxf6 11. Nc3 Rg8 12. g4 f5 13. Be2 Bh4+ 14. Kf1 Qb6 15. Kg2 Qf2+ 16. Kh3 fxg4+ 17. fxg4 h5 18. Rg1 hxg4+ 19. Bxg4 Bf6 0-1

[Event "Dhaka op"]
[Site "Dhaka"]
[Date "2016.06.25"]
[Round "2"]
[White "Alam, Badrul"]
[Black "Abu Sufian, Sakil"]
[Result "0-1"]
[WhiteElo "1925"]
[BlackElo "2318"]
[PlyCount "101"]
[EventDate "2016.06.24"]
[EventType "swiss"]
[EventRounds "9"]
[EventCountry "BAN"]
[SourceTitle "EXT 2017"]
[Source "ChessBase"]
[SourceDate "2016.10.25"]
[SourceVersion "1"]
[SourceVersionDate "2016.10.25"]
[SourceQuality "1"]

1. e4 c5 2. Nf3 Nc6 3. d4 cxd4 4. Nxd4 g6 5. Be3 Nf6 6. Nd2 d5 7. Bb5 Bd7 8. Bxc6 bxc6 9. e5 Ng8 10. N4b3 f6 11. f4 Bg7 12. Bd4 Nh6 13. exf6 Bxf6 14. Bxf6 exf6 15. Qe2+ Kf7 16. 0-0-0 Re8 17. Qf2 Ng4 18. Qh4 Kg7 19. Rde1 Ne3 20. Qf2 Qb6 21. Nf3 Nc4 22. Qc5 Kf7 23. h4 h5 24. Nfd4 Ne3 25. Qd6 Rad8 26. g3 Nf5 27. Nxf5 Bxf5 28. Qc5 Be4 29. Rhg1 Re7 30. Qxb6 axb6 31. Nd4 Rc7 32. Re3 Ra8 33. a3 c5 34. Nb5 Rd7 35. Nc3 Bf5 36. Nd1 d4 37. Rb3 Rd6 38. Nf2 Re8 39. Kd2 Bxc2 40. Kxc2 Re2+ 41. Kd1 Rxf2 42. Re1 d3 43. a4 d2 44. Rg1 Ke6 45. Re3+ Kf5 46. Re2 Rxe2 47. Kxe2 Kg4 48. Rd1 Kh3 49. Rxd2 Rxd2+ 50. Kxd2 Kxg3 51. Kd3 0-1

[Event "BAN-chB 41st"]
[Site "Dhaka"]
[Date "2015.10.16"]
[Round "2"]
[White "Hasan Md, Emam"]
[Black "Alam, Badrul"]
[Result "1-0"]
[WhiteElo "2126"]
[BlackElo "1958"]
[PlyCount "107"]
[EventDate "2015.10.15"]
[EventType "swiss"]
[EventRounds "11"]
[EventCountry "BAN"]
[SourceTitle "CBM 169 Extra"]
[Source "ChessBase"]
[SourceDate "2015.12.18"]
[SourceVersion "1"]
[SourceVersionDate "2015.12.18"]
[SourceQuality "1"]

1. e4 c6 2. d3 d5 3. Nd2 e5 4. g3 Nf6 5. Bg2 Bd6 6. Ne2 0-0 7. 0-0 Bc5 8. h3 Be6 9. Kh2 dxe4 10. dxe4 Qb6 11. f4 exf4 12. gxf4 g6 13. Qe1 Nh5 14. Ng3 Nxg3 15. Qxg3 f5 16. exf5 Bxf5 17. Nb3 Nd7 18. Nxc5 Qxc5 19. Be3 Qxc2 20. Rf2 Qa4 21. b3 Qa5 22. Bd2 Qc7 23. Bc3 Rae8 24. Qh4 Re3 25. Rc1 Qd8 26. Qh6 Nf6 27. Rd2 Qe7 28. Bd4 Rd3 29. Rxd3 Bxd3 30. Bc5 Qg7 31. Bxf8 Qxf8 32. Qh4 Nh5 33. Bf1 Qxf4+ 34. Qxf4 Nxf4 35. Bxd3 Nxd3 36. Rd1 Ne5 37. Rd8+ Kf7 38. Rb8 b5 39. Rb7+ Ke6 40. Rxa7 h5 41. a4 bxa4 42. bxa4 Kd5 43. a5 c5 44. a6 Nc6 45. Rb7 c4 46. a7 Nxa7 47. Rxa7 c3 48. Kg3 Kd4 49. Kf4 Kd3 50. Kg5 c2 51. Rc7 Kd2 52. Kxg6 c1Q 53. Rxc1 Kxc1 54. Kxh5 1-0

[Event "BAN-chT"]
[Site "Dhaka"]
[Date "2014.11.15"]
[Round "4"]
[White "Alam, Badrul"]
[Black "Uten"]
[Result "1-0"]
[WhiteElo "1908"]
[BlackElo "2245"]
[PlyCount "79"]
[EventDate "2014.11.12"]
[EventType "team-tourn"]
[EventRounds "9"]
[EventCountry "BAN"]
[SourceTitle "EXT 2015"]
[Source "ChessBase"]
[SourceDate "2014.11.20"]
[SourceVersion "1"]
[SourceVersionDate "2014.11.20"]
[SourceQuality "1"]
[WhiteTeam "Civil Defense"]
[BlackTeam "Leonine CC"]
[WhiteTeamCountry "BAN"]
[BlackTeamCountry "BAN"]

1. e4 e6 2. d4 b6 3. Bd3 Bb7 4. Be3 Nf6 5. f3 d6 6. c4 Nbd7 7. Ne2 Be7 8. Nbc3 0-0 9. Qc2 e5 10. d5 Nc5 11. b4 Nxd3+ 12. Qxd3 Nh5 13. g4 Bh4+ 14. Kd1 Nf6 15. Ng3 Nd7 16. Nf5 Bg5 17. h4 Bf4 18. g5 a5 19. b5 Bxe3 20. Qxe3 Nc5 21. a4 Bc8 22. h5 f6 23. g6 Bxf5 24. exf5 Qd7 25. h6 hxg6 26. fxg6 f5 27. Qg5 Qd8 28. Qh5 Qf6 29. hxg7 Qxg7 30. Kc2 Rf6 31. Rag1 Re8 32. Qg5 e4 33. Rh7 exf3 34. Rxg7+ Kxg7 35. Qh5 Rh8 36. Qxf3 Re8 37. Rh1 Rxg6 38. Qxf5 Re3 39. Rf1 Rgg3 40. Qf8+ 1-0